000 nam a22 4500
999 _c30034
_d30034
008 190128b xxu||||| |||| 00| 0 eng d
020 _a9789966066633
040 _aMksu
041 _aSwahili
050 _aPL 8704
_b.K373 2016
100 _aKea, Pauline
245 _aKigogo /
_cPauline Kea
260 _aNairobi, Kenya :
_bStorymoja,
_c2016.
300 _a94 p. ;
_c18 cm
440 _aToleo la shule lililoidhinishwa /
650 _aTamthilia
942 _2lcc
_cBOOKS
_hPL 8704 .K373 2016